1561 1677 1126 1439 1559 1503 1293 1175 1087 1657 1800 1764 1122 1083 1107 1856 1008 1749 1239 2000 1698 1724 1773 1848 1178 1784 1357 1435 1034 1983 1868 1810 1370 1009 1747 1407 1512 1435 1030 1144 1787 1185 1476 1625 1140 1653 1445 1883 1021 1423 1902 1211 1963 1699 1929 1201 1772 1860 1007 1759 1091 1155 1873 1350 1930 1662 1605 1246 1520 1560 1789 1164 1148 1809 1508 1304 1978 1135 1496 1745 1259 1258 1280 1432 1450 1248 1753 1800 1436 1057 1174 1544 1820 1001 1165 1742 1152 1289 1505 BCNSPRNW ULIB Ver.6.0+V

เปลี่ยนเป็นภาษาไทย

Change to English
 แสดงรายละเอียดบรรณานุกรม
  กลับหน้าหลัก

Brief Record : Get Marc (ISO 2709) : E-mail record : QR code < ปิดหน้าต่าง
LEADER : 00000nam 2200000uu 4500
001    13399123745
003     ULIB
008    141125s2557||||th 000 0 tha d
020    ^a9786162711763
060  4 ^aWB105^bว896ว
110 1  มหาวิทยาลัยสงขลานครินทร์
245 10 ^aเวชบำบัดวิกฤตสงขลานครินทร์ :^bMultidisciplinary in critical care medicine /^cรังสรรค์ ภูรยานนทชัย, ประสบสุขอินทรักษา บรรณาธิการ
246 21 ^aMultidisciplinary in critical care medicine
260    ^aสงขลา :^bหน่วยผลิตตำรา คณะแพทยศาตร์มหาวิทยาลัยสงขลานครินทร์,^c2557
300    ^a742 หน้า :^bภาพประกอบ
505 0  ^a^tบทที่ 1 การเฝ้าระวังพื้นฐานในการติดตามความดันในผู้ป่วยภาวะช็อก - -^tบทที่ 2 การประเมินการตอบสนองต่อการให้สารน้ำ - -^tบทที่ 3 การระงับปวดและการระงับประสาทในผู้ป่วยวิกฤต - -^tบทที่ 4 การควบคุมระดับน้ำตาลในผู้ป่วยที่รับรักษาตัวในหอผู้ป่วยวิกฤต - -^tบทที่ 5 ภาวะต่อมหมวกไตทำงานต่ำในผู้ป่วยวิกฤต - -^tบทที่ 6 อาการท้องเสียในผู้ป่วยเวชบำบัดวิกฤต - -^tบทที่ 7 การป้องกันการเกิดแผลในกระเพาะอาหารจากภาวะเครียดในผู้ป่วยวิกฤต - -^tบทที่ 8 แนวทางปัจจุบันของการให้โภขนะค้ำจุนในผู้ป่วยวิกฤต - -^tบทที่ 9 โภชนบำบัดผ่านหลอดเลือดในผู้ป่วยวิกฤติ --^tบทที่ 10 แนวทางการให้เลือดในผู้ป่วยวิกฤติอายุรกรรม - -^tบทที่ 11 ภาวะช็อกจากหัวใจ - -^tบทที่ 12 ภาวะลิ่มไขมันอุดตันหลอดเลือด - -^tบทที่ 13 ภาวะลิ่มเลือดอุดตันในหลอดเลือดดำในผู้ป่วยวิกฤติ - -^tบทที่ 14 กลุ่มอาการหายใจลำบากเฉียบพลัน - -^tบทที่ 15 การหย่าเครื่องช่วยหายใจ - -^tบทที่ 16 เครื่องช่วยหายใจชนิด Airway pressure release ventilation (APRV) - -^tบทที่ 17 แนวทางการรักษาล่าสุดในภาวะช็อกจากการติดเชื้อ - -^tบทที่ 18 การใช้ Biomarkers ในภาวะเซพสิส - -^tบทที่ 19 การเลือกยาปฏิชีวนะอย่างเหมาะสมในผู้ป่วยที่มีภาวะ Sepsis หรือ septic shock - -^tบทที่ 20 การดูแรักษาการชักต่อเนื่องชนิดเกร็งกระดูกทั้งตัวในผู้ใหญ่ - -^tบทที่ 21 อาการคลุ้มคลั่งในผู้ป่วยวิกฤต - -^tบทที่ 22 การดูแลสตรีตั้งครรภ์ที่มีโรคหัวใจ - -^tบทที่ 23 การดูแลรักษาภาวะไตบาดเจ็บเฉียบพลัน - -^tบทที่ 24 ภาวะแท้งติดเชื้อ - -^tบทที่ 25 ภาวะน้ำคร่ำหลุดอุดหลอดเลือด- -^tบทที่ 26 การดูแลสตรีตั้งครรภ์ที่เป็นโรคหัวใจ - -^tบทที่ 27 กลุ่มอาการ HELLP - -^tบทที่ 28 การช่วยกู้ชีพทารกแรกเกิด 2010 - -^tบทที่ 29 คำแนะนำใหม่ของการกู้ชีพเด็กในปี พ.ศ.2553 - -^tบทที่ 30 แนวทางปัจจุบันในการรักษากลุ่มอาการหายใจลำบากเฉียบพลันในเด็ก - -^tบทที่ 31 การใช้เครื่องช่วยหายใจความถี่สูง - -^tบทที่ 32 แนวทางปัจจุบันของการให้เลือดในผู้ป่ยวิกฤตทางอุบัติเหตุ - -^tบทที่ 33 มุมมองศัลยแพทย์การดูแลผู้ป่วยช็อกจากการติดเชื้อ - -^tบทที่ 34 การใช้กระบวนการ Therapeutic hypothermia ระหว่างผ่าตัด - -^tบทที่ 35 เครื่องให้ออกซิเจนในหออภิบาลผู้ป่วยเด็กแรกคลอด--^tบทที่ 37 พยาบาลกับการสื่อสารในผู้ป่วยวิกฤต -- ^tบทที่ 38 การกระตุ้นการเคลื่อนไหวในผู้ป่วยวิกฤติอายุรกรรม - -^tบทที่ 39 การพยาบาลเพื่อการป้องกันการติดเชื้อในทางเดินปัสสาวะจากการคาสายสวนปัสสาวะ - -^tบทที่ 41 การพยาบาลในการเคลื่อนย้ายผู้ป่วยวิกฤต - -^tบทที่ 42 การส่งเสริมการนอนหลับในผูป่วยวิกฤต - -^tบทที่ 43 การปฏิบัติพยาบาลในการให้อาหาร ทางสายยางในผู้ป่วยวิกฤตศัลยกรรม - -^tบทที่ 44 การดูแลทางการพยาบาลในผู้ป่วยวิกฤตด้วยกระบวนการ FASTHUG and BANDAIDS - -^tบทที่ 45 บทบาทของพยาบาลในการป้องกันการเกิดภาวะลิ่มเลือดอุดตันหลอดเลือดดำในผู้ป่วยภาวะวิกฤต - -^tบทที่ 46 บทบาทของพยาบาลในการประเมินการป้องกันและการจัดการภาวะสับสนเฉียบพลันในผู้ป่วยวิกฤต
650  7 ^aภาวะฉุกเฉิน^xผู้ป่วย^xการรักษา
650  7 ^aผู้ป่วยหนัก, การดูแล
650  7 ^aผู้ป่วยหนัก^xภาวะแทรกซ้อน
650  7 ^aเวชศาสตร์ฉุกเฉิน
650  7 ^aแบคทีเรีย, การติดเชื้อ^xการรักษา
700 0  ^aรังสรรค์ ภูรยานนทชัย,^eบรรณาธิการ
700 0  ^aประสบสุข อินทรักษา,^eบรรณาธิการ
710 2  ^aมหาวิทยาลัยสงขลานครินทร์.^bคณะแพทยศาสตร์.^bหน่วยผลิตตำรา
945    ^p720^l0^i21848
945    ^p720^l0^i21849
945    ^p720^l0^i21850
999    ^aทศพร เกษรทอง
รายการนี้ยังไม่มีแท็ก
คุณยังไม่ได้ล็อกอิน คุณสามารถมีกิจกรรมร่วมกับเว็บไซต์ได้ แต่ต้องล็อกอินก่อน ::
  ล็อกอิน

รายการสื่อสารสนเทศ

ลำดับที่ ประเภท เลขเรียก/บาร์โค้ด สถานที่ สถานะ
1. วิทยาศาสตร์การแพทย์ และสุขภาพ
วิทยาศาสตร์การแพทย์ และสุขภาพ
สถานะ=หนังสือเก่า
WB105 ว896ว ฉ.1 
  Barcode: 21848
ห้องสมุดวิทยาเขตนครสวรรค์
►ส่วนจัดเก็บหนังสือเก่า นว.
บนชั้น
  ขอยืม
2. วิทยาศาสตร์การแพทย์ และสุขภาพ
วิทยาศาสตร์การแพทย์ และสุขภาพ
สถานะ=หนังสือเก่า
WB105 ว896ว ฉ.2 
  Barcode: 21849
ห้องสมุดวิทยาเขตนครสวรรค์
►ส่วนจัดเก็บหนังสือเก่า นว.
บนชั้น
  ขอยืม
3. วิทยาศาสตร์การแพทย์ และสุขภาพ
วิทยาศาสตร์การแพทย์ และสุขภาพ
สถานะ=หนังสือเก่า
WB105 ว896ว ฉ.3 
  Barcode: 21850
ห้องสมุดวิทยาเขตนครสวรรค์
►ส่วนจัดเก็บหนังสือเก่า นว.
บนชั้น
  ขอยืม

รายการใกล้เคียง
    หัวเรื่อง [ผู้ป่วยหนัก, การดูแล]
    หัวเรื่อง [เวชศาสตร์ฉุกเฉิน]

BibComment


ยังไม่เคยถูกคอมเมนท์

คอมเมนท์ทรัพยากรรายการนี้
  คอมเมนท์: เวชบำบัดวิกฤตสงข..


 Copyright 2026. Bcnsprnw @Library